LEADER 01243nam a2200265 a 4500 001 000000117634 003 CaOOAMICUS 005 20091026175317.0 008 091026s1998 ne u000 u eng r 020 $z90 04 10999 4* 040 $aPUL$bita$dReb 100 1 $aWesterman, Pauline C.$0(OLS)http://pul/name/73406 245 14$aThe disintegration of natural law theory :$bAquinas to Finnis /$cPauline C. Westerman. 260 $aLeiden ;$aNew York ;$aKöln :$bBrill,$c1998. 300 $axii, 313 p. ;$c25 cm. 490 1 $aBrill's studies in intellectual history ;$v84. 504 $aInclude riferimenti bibliografici ed indice. 650 4$aDiritto naturale$xStudi.$0(OLS)http://pul/subject/21710 830 0$aBrill's studies in intellectual history ;$v84.$0(OLS)http://pul/title/88656 850 $aPUL 852 $aPUL$W1$xSL Diritto e Scienze Sociali 3$y79$m340. 1 WESPA 1$j134999$qDDC 21$B133970$CPULBib$Z2$F133970 $H111504 $82 941 1 $a9 996 $6020$z90 04 10999 4*$9(OLS)http://pul/number/142177 996 $6245$aThe disintegration of natural law theory :$bAquinas to Finnis$9(OLS)http://pul/title/148056 996 $6260$aLeiden ;$aNew York ;$aKöln :$bBrill$9(OLS)http://pul/publisher/60654 LEADER 01147nam a2200277 u 4500 001 000000078707 003 CaOOAMICUS 005 20070226123447.0 008 040512s2002 gau u000 u eng u 020 $a1589830288 035 $a10994670 040 $aPUL$bita 100 1 $aMouton, Elna.$0(OLS)http://pul/name/52418 245 10$aReading a New Testament document ethically /$cElna Mouton. 260 $aAtlanta :$bSociety of Biblical Literature,$cc2002. 300 $axiv, 290 p. ;$c23 cm 490 1 $aAcademia biblica ;$v1 504 $aBibliografia in nota ed in appendice. 630 04$aBiblia.$pN.T.$pAd Ephesios.$0(OLS)http://pul/subject/15863 830 0$aAcademia biblica ;$v1.$0(OLS)http://pul/title/101645 850 $aPUL 852 $aPUL$W1$xSL Religione 1$y3$m5 Q 1.1$j100890$nBK-PRI$b $qStampati$B100890$CPULBib$Z2$F100890 $HPUL92911 $81 941 1 $a8 996 $6020$a1589830288$9(OLS)http://pul/number/103203 996 $6245$aReading a New Testament document ethically$9(OLS)http://pul/title/103068 996 $6260$aAtlanta :$bSociety of Biblical Literature$9(OLS)http://pul/publisher/68936